TOP 10 Biggest Wine Producers - Statistics

General Stats
  • This quiz has been taken 452 times
    451 since last reset
  • The average score is 8 of 10
Answer Stats
Production 2012 (tonnes) % of production Rank Country % Correct
5,286,414 20.02 1. France
99%
4,089,000 15.49 2. Italy
98%
3,150,000 11.93 3. Spain
96%
2,820,000 10.68 4. USA
92%
1,155,000 4.37 7. Australia
85%
1,650,000 6.25 5. China, mainland
82%
1,177,800 4.46 6. Argentina
80%
1,086,500 4.11 8. Chile
76%
1,010,000 3.83 9. South Africa
63%
700,000 2.65 10. Russian Federation
59%
No matching quizzes found
Score Distribution
Percent of People with Each Score
Percentile by Number Answered
Your Score History
You have not taken this quiz since the last reset